தேசிய வீரா் : சிறுவர் கதைகள் - பகுதி 3 /
Saved in:
| Main Author: | |
|---|---|
| Format: | Book |
| Language: | English Tamil |
| Published: |
கொழும்பு :
PKR பப்ளிகேசன்ஸ்,
2009.
|
| Subjects: | |
| Tags: |
Add Tag
No Tags, Be the first to tag this record!
|
MARC
| LEADER | 00000nam a22000007a 4500 | ||
|---|---|---|---|
| 005 | 20260409153723.0 | ||
| 008 | 260409b |||||||| |||| 00| 0 eng d | ||
| 020 | |a 9789551444037 | ||
| 041 | |a tam | ||
| 082 | |a 894.811 |b இராச | ||
| 100 | |a பூ.க. இராசரத்தினம் |9 117123 | ||
| 245 | |a தேசிய வீரா் : |b சிறுவர் கதைகள் - பகுதி 3 / | ||
| 260 | |a கொழும்பு : |b PKR பப்ளிகேசன்ஸ், |c 2009. | ||
| 300 | |a 50 பக். |b ill; |c 21.9 Cm. | ||
| 650 | |a Tamil Literature. இலக்கியம் |9 117124 | ||
| 942 | |c BK | ||
| 999 | |c 71196 |d 71196 | ||